MANUSCRIPT FOUND IN ACCRA (Record no. 2940)
[ view plain ]
| 000 -LEADER | |
|---|---|
| fixed length control field | 00618nam a22001457a 4500 |
| 020 ## - INTERNATIONAL STANDARD BOOK NUMBER | |
| ISBN | 978-0-00-752050-3 |
| 082 ## - DEWEY DECIMAL CLASSIFICATION NUMBER | |
| Classification number | 823 |
| Item number | COE/M |
| 100 ## - MAIN ENTRY--AUTHOR NAME | |
| Personal name | COELHO, PAULO |
| 245 ## - TITLE STATEMENT | |
| Title | MANUSCRIPT FOUND IN ACCRA |
| 260 ## - PUBLICATION, DISTRIBUTION, ETC. (IMPRINT) | |
| Place of publication | LONDON |
| Name of publisher | HARPER VOLLINS |
| Year of publication | 2013 |
| 300 ## - PHYSICAL DESCRIPTION | |
| Number of Pages | 194 |
| 520 ## - SUMMARY, ETC. | |
| Summary, etc | The novel unfolds as a sequence of parables exploring the meaning and value of love, faith, sex, friendship, beauty, bravery, loyalty, success, and community, and uncovering the sources of human fears and anxieties. Manuscript Found in Accra is a novel that is thought-provoking and inspiring. |
| 650 ## - SUBJECT ADDED ENTRY--TOPICAL TERM | |
| Topical Term | NOVEL |
| Geographic subdivision | UNITED KINGDOM |
| 942 ## - ADDED ENTRY ELEMENTS (KOHA) | |
| Koha item type | Books |
| Withdrawn status | Lost status | Collection code | Home library | Current library | Shelving location | Date acquired | Source of acquisition | Cost, normal purchase price | Full call number | Accession Number | Koha item type |
|---|---|---|---|---|---|---|---|---|---|---|---|
| Fiction | Main Library | Main Library | SHELF-14C- ALPHABETICAL -C--ENGLISH NOVELS & FICTIONS | 07/11/2016 | purchase | 299.00 | 823 COE/M | 09819 | Books |